LEADER 01133nam a22002773i 4500 001 991003272279707536 005 20040317135212.0 008 040802s1979 it a||||||||||||||||ita 035 $ab13050734-39ule_inst 035 $aARCHE-100334$9ExL 040 $aBiblioteca Interfacoltà$bita$cA.t.i. Arché s.c.r.l. Pandora Sicilia s.r.l. 082 04$a852.5 100 1 $aGoldoni, Carlo$0158273 245 10$aArlecchino servitore di due padroni /$cCarlo Goldoni ; introduzione di Luigi Lunari ; con una nota di Giorgio Strehler ; cronologia, bibliografia e note di Carlo Pedretti 260 $aMilano :$bBiblioteca universale Rizzoli,$c1979 300 $a277 p. :$bill. ;$c18 cm 440 0$aBUR.$nL 700 1 $aStrehler, Giorgio 700 1 $aPedretti, Carlo 700 1 $aLunari, Luigi 907 $a.b13050734$b02-04-14$c05-08-04 912 $a991003272279707536 945 $aLE002 Fondo Giudici B 859$g1$i2002000241467$lle002$nC. 1$o-$pE0.00$q-$rn$so $t0$u0$v0$w0$x0$y.i13675084$z05-08-04 996 $aArlecchino servitore di due padroni$9286700 997 $aUNISALENTO 998 $ale002$b05-08-04$cm$da $e-$fita$git $h0$i1 LEADER 03204 am 2200637 n 450 001 9910275029103321 005 20170822 010 $a979-1-03-651127-1 024 7 $a10.4000/books.etnograficapress.283 035 $a(CKB)4100000003667388 035 $a(FrMaCLE)OB-etnograficapress-283 035 $a(oapen)https://directory.doabooks.org/handle/20.500.12854/58071 035 $a(PPN)225782952 035 $a(EXLCZ)994100000003667388 100 $a20180321j|||||||| ||| 0 101 0 $apor 135 $auu||||||m|||| 181 $ctxt$2rdacontent 182 $cc$2rdamedia 183 $acr$2rdacarrier 200 10$aReis e Intocáveis $eUm estudo do sistema de castas no Noroeste da Índia /$fRosa Maria Perez 210 $aLisboa $cEtnográfica Press$d2017 215 $a1 online resource (220 p.) 311 $a972-8027-17-6 330 $aHá uma lacuna nos estudos antropológicos sobre o sistema de castas na Índia. São raros os trabalhos sobre Intocáveis, castas consideradas "impuras" e, como tal, socialmente depreciadas. Decidiu por isso a autora realizar um trabalho de campo sobre os Vankar, casta Intocável de tecelões do Estado do Gujarat. Ao leitor é proporcionada uma apresentação fascinante do universo Vankar, através das suas práticas e rituais, dos seus deuses e demónios, dos seus mitos. Arigidez atribuída à hierarquia do sistema social indiano é relativizada. Defende a autora que existem inúmeras passagens, contactos e contaminações entre castas - em teoria rigorosamente separadas umas das outras. Em particular, é sugerido que, quando a ordem social e cósmica está ameaçada de ruptura, os últimos passam, num certo sentido, a ser os primeiros. Cabe então à casta mais desvalorizada (Intocável) assumir o poder de sustentar ou restabelecer a ordem vacilante. Em Reis e Intocáveis, Rosa Maria Perez confronta-nos com um caso exemplar. Na aldeia de Valthera, atingida pela grande seca de 1985-1988, os Vankar são solicitados por toda a população, e em primeiro lugar pelos Rajput (a casta dominante), a exercer o poder de trazer a chuva, atributo partilhado com o soberano hindu. Este é um dos primeiros estudos antropológicos realizado numa universidade portuguesa que incide sobre um espaço exterior ao do antigo império colonial. 517 $aReis e Intocáveis 606 $aSociology & Anthropology 606 $acasta 606 $aritos 606 $asoberanias 606 $aIndia 606 $aantropologia do simbólico 606 $aInde 606 $aanthropologie symbolique 606 $acastes 606 $arites 610 $acastes 610 $aInde 610 $aanthropologie symbolique 610 $arites 615 4$aSociology & Anthropology 615 4$acasta 615 4$aritos 615 4$asoberanias 615 4$aIndia 615 4$aantropologia do simbólico 615 4$aInde 615 4$aanthropologie symbolique 615 4$acastes 615 4$arites 700 $aPerez$b Rosa Maria$0730114 801 0$bFR-FrMaCLE 906 $aBOOK 912 $a9910275029103321 996 $aReis e Intocáveis$93023372 997 $aUNINA